000 01395cab a2200265 4500
001 ABS54419
008 090401t1996 xxu||||| |||| 00| 0 eng d
035 _a(Sirsi) u10214
041 _aeng
245 _aBrown and others v Heathlands Mental Health National Health Service Trust
260 _c1996
350 _a0
490 _aAll England Law Reports
_v(1996) 1 All ER 133-139(7)
520 _aChD 19 September 1995. A property purchased by an nhs trust to house five mentally disturbed patients was subject to a 1909 restrictive covenant restricting its use to a residential dwelling. The plaintiffs sought injunction to enforce covenant. Raised question of whether a statutory body which has required land for the purpose of carrying out its statutory functions be restrained by an injunction from making use of the land for the purpose for which it was required. Held that the benefit of a restrictive covenant could not stand in the way of the use of the property acquired for statutory purpose. Remedies were available inn compulsory purchase legislation.
650 _aCOMMUNITY CARE
650 _aENFORCEABILITY
650 _aMENTAL PATIENTS
650 _aMENTALLY DISTURBED
650 _aRESTRICTIVE COVENANTS
650 _aSHELTERED ACCOMMODATION
650 _aSTATUTORY PURPOSE
690 _aPROPERTY LAW AND PRACTICE-CASE LAW
942 _n0
948 _c04/03/1997
999 _c6422
_d6422